An introduction to the aquatic insects of North America (Registro nro. 318915)

Detalles MARC
000 -ENCABEZADO
Número de control [NR] 00947nam a2200241 a 4500
005 - FECHA Y HORA DE LA ÚLTIMA TRANSACCIÓN
control field 20210803155148.0
008 - DE LONGITUD FIJA DE DATOS DE ELEMENTOS - INFORMACIÓN GENERAL
Elementos de longitud fija [NR] 120830s2019 iaua|||gr|||| 00| 0 eng d
020 ## - NUMERO INTERNACIONAL NORMALIZADO PARA LIBROS [R]
Número Internacional Normalizado del libro [NR] 9781524968540
040 ## - FUENTE DE CATALOGACION [NR]
Agencia de catalogación original [NR] CO-BoUCM
Idioma de catalogación [NR] spa
Quien Cataloga Deissy Garcia
Quien Clasifica Deissy Garcia
041 0# - CODIGO DE IDIOMA [R]
Código de idioma para texto/pista de sonido o título separado [R] Inglés
245 03 - MENCION DE TITULO [NR]
Título [NR] An introduction to the aquatic insects of North America
Mención de responsabilidad, etc. [NR] edición R.W. Merritt, K.W. Cummins, M.B. Berg.
250 ## - MENCION DE EDICION [NR]
Mención de edición [NR] 5a.Ed.
260 ## - PUBLICACION, DISTRIBUCION, ETC. (PIE DE IMPRENTA) [R]
Lugar de publicación, distribución, etc. [R] Dubuque, IA
Nombre del editor, distribuidor, etc. [R] Kendall Hunt
Fecha de publicación, distribución, etc. [R] 2019
300 ## - DESCRIPCION FISICA [R]
Extensión [R] xviii, 1480 páginas
Otros detalles físicos [NR] ilustraciones
504 ## - NOTA DE BIBLIOGRAFIA, ETC. [R]
Nota de bibliografía, etc. [NR] Incluye referencias bibliográficas e índices
650 #7 - ASIENTO SECUNDARIO DE MATERIA - TERMINO TEMATICO [R]
Término temático o nombre geográfico como elemento de entrada [NR] Insectos acuáticos
Subdivisión geográfica [R] América del Norte
9 (RLIN) 104418
650 #7 - ASIENTO SECUNDARIO DE MATERIA - TERMINO TEMATICO [R]
Término temático o nombre geográfico como elemento de entrada [NR] Invertebrados acuáticos
Subdivisión geográfica [R] América del Norte
9 (RLIN) 104419
700 1# - ASIENTO SECUNDARIO - NOMBRE PERSONAL [R]
Nombre personal [NR] Merrill, Richard W.
Término de relación [R] editor
9 (RLIN) 104420
700 1# - ASIENTO SECUNDARIO - NOMBRE PERSONAL [R]
Nombre personal [NR] Cummins, Kenneth W.
Término de relación [R] editor
9 (RLIN) 104421
700 1# - ASIENTO SECUNDARIO - NOMBRE PERSONAL [R]
Nombre personal [NR] Berg, M. B.
Término de relación [R] editor
9 (RLIN) 104422
942 ## - ELEMENTOS DE ENTRADA AGREGADOS (KOHA)
Tipo de ítem principal el descrito en 300a Libro
Sistema de clasificación DEWEY
Tema principal Ciencias puras
Edición 5
Clasificación 595.705263
Parte restante de la signatura top. I619
Título oculto en OPAC No
Existencias
Fecha de último préstamo Total préstamos Total Renewals Signatura topográfica Código de barras Última vez visto Volúmen / Fascículo Ejemplar Costo de reposición Price effective from Tipo de ítem Nota pública (OPAC) Perdido Sistema de clasificación Dañado No prestable Tipo de ítem específico Suprimido Ubicación habitual Ubicación actual Localización Fecha de creación Proveedor Forma de adquisición Costo
05/08/2021 1 1 595.705263 I619 100167513 12/12/2025 5a.Ed. Ej.1 690750.00 06/07/2021 Libro Spot Ciencias Naturales   DEWEY     Libro   Quinta de Mutis Quinta de Mutis 3er piso 06/07/2021 157 Compra 690750.00